Survey foot and moth disease in cattle at ourdong district kompong speu province, ការអង្កេតពីជំងឺអុតក្តាមគោនៅស្រុកឧដុង្គ ខេត្ដកំពង់ស្ពឺ (Record no. 2483)

000 -LEADER
fixed length control field 00556nam a22001217a 4500
040 ## - CATALOGING SOURCE
Transcribing agency RUA
082 ## - DEWEY DECIMAL CLASSIFICATION NUMBER
Classification number AVM CHH 2011 B099 Or.1
100 ## - MAIN ENTRY--AUTHOR NAME
Personal name CHHEUN, RATHA.
245 ## - TITLE STATEMENT
Title Survey foot and moth disease in cattle at ourdong district kompong speu province, ការអង្កេតពីជំងឺអុតក្តាមគោនៅស្រុកឧដុង្គ ខេត្ដកំពង់ស្ពឺ
260 ## - PUBLICATION, DISTRIBUTION, ETC. (IMPRINT)
Place of publication Phnom Penh
Name of publisher RUA
Year of publication 2011
856 ## - ELECTRONIC LOCATION AND ACCESS
Uniform Resource Identifier https://drive.google.com/file/d/1yb8J8rp52C5NrffFYNrP-ziOebtfxbN_/view?usp=sharing
942 ## - ADDED ENTRY ELEMENTS (KOHA)
Koha item type AVM
952 ## - LOCATION AND ITEM INFORMATION (KOHA)
Withdrawn status [LOCAL, KOHA] 0
952 ## - LOCATION AND ITEM INFORMATION (KOHA)
Withdrawn status [LOCAL, KOHA] 0
952 ## - LOCATION AND ITEM INFORMATION (KOHA)
Withdrawn status [LOCAL, KOHA] 0
Holdings
Permanent Location Date acquired Koha item type Lost status Shelving location Barcode Current Location Full call number
Library Block B2015-10-21AVM B099RUA019162Library Block BAVM CHH 2011 B099 Or.1
Library Block B2015-10-21AVM B099RUA016225Library Block BAVM CHH 2011 B099 Or.2
Library Block B2015-10-21AVM B099RUA016340Library Block BAVM CHH 2011 B099 Or.3
មជ្ឈមណ្ឌលឯការនៃសាកលវិទ្យាល័យភូមិន្ទកសិកម្មចំការដូង

Powered by Koha